[Event "V Sunway Sitges Open 2018"]
[Site "Sitges"]
[Date "2018.12.23"]
[Round "10"]
[White "Arjun Kalyan"]
[Black "Lagarde, Maxime"]
[Result "0-1"]
[WhiteElo "2406"]
[BlackElo "2616"]
[Annotator "TA"]
[PlyCount "68"]
[EventDate "2018.12.14"]
[EventType "swiss"]
[EventCountry "ESP"]
[SourceTitle "playchess.com"]
[Source "ChessBase"]
[SourceQuality "1"]

{[%evp 16,68,61,62,91,27,37,35,56,14,26,26,31,14,14,12,20,20,38,28,118,136,133,107,132,140,158,82,116,139,148,96,190,181,192,192,190,195,316,155,252,255,273,269,290,273,256,-213,-208,-1294,-1291,-1271,-1248,-1783,-1695]} 1. e4 Nc6 (1... c5 2. Nf3 Nc6 3. c3 d6 4. d4 Nf6 5. d5 Nb8 6. Bd3 g6 7. O-O Bg7 8. c4 O-O 9. Nc3 e5 10. a3 a5 11. Bd2 Nh5 12. Re1 h6 13. Nb5 Nf4 {0-1 (51) Petrov,N (2589)-Gazik,V (2490) Veliko Gradiste 2018}) 2. Nf3 d6 3. d4 Nf6 4. c3 g6 5. Bd3 Bg7 6. O-O O-O 7. d5 Nb8 8. c4 e5 9. Nc3 {LiveBook: 11 Games} c5 {B07: Pirc Defence: Miscellaneous Systems} 10. dxc6 $146 ({White should play} 10. h3 $16) ({Predecessor:} 10. a3 Nh5 11. b4 b6 12. bxc5 bxc5 13. g3 Bf6 14. Bd2 Ng7 15. Ne1 Bh3 16. Ng2 Nd7 17. f3 {½-½ (45) Pedersen,S (2417)-El Kher,H (2404) Koge 2004}) 10... Nxc6 11. h3 Nd7 {White is slightly better.} 12. Nd5 Nc5 13. b4 Ne6 14. Bb2 f5 15. Qd2 f4 16. Be2 h5 17. Rac1 $36 {[%mdl 2048] White is pushing.} g5 (17... Ng5 $11) 18. Nh2 $16 g4 19. hxg4 hxg4 20. Bxg4 Qh4 21. Qd3 (21. Qd1 $142) 21... Ned4 22. Bxc8 Raxc8 23. Nf3 (23. Bxd4 $142 $1 Nxd4 24. Nf3 Nxf3+ 25. Qxf3) 23... Qh5 (23... Nxf3+ $16 24. Qxf3 Kf7) 24. Bxd4 $1 $18 exd4 25. c5 Ne5 26. Nxe5 Bxe5 (26... dxe5 $142 27. Ne7+ {[%mdl 64] Double Attack} Kh7) 27. f3 (27. Ne7+ $18 Kh7 28. f3 (28. Nxc8 {gets mated.} f3 29. g3 Qh3 30. Qxf3 Rxf3 31. Rfd1 Bxg3 32. fxg3 Rxg3+ 33. Kf2 Qh2+ 34. Kf1 Rg1#)) 27... Rcd8 (27... Qg5 $16 28. cxd6 {[%mdl 64] Overworked Piece} Bxd6 29. Qxd4 Be5) 28. cxd6 Rxd6 29. Ne7+ Kh8 {Hoping for ...Rh6.} 30. Nf5 Rg6 31. Kf2 $4 {[%mdl 8192] [#]} (31. Rc5 $18 {and all is fine.} Qh3 32. Rf2) 31... Qh2 $1 $19 {[%mdl 1024] Black has strong compensation.} 32. Rg1 $2 {[#]} (32. a4) 32... Rfg8 $1 {[%cal Rg6g2] Black is clearly winning.} 33. Qf1 {[#]} d3 $1 {[%mdl 512]} 34. Rd1 {[#]} (34. Qxd3 Rxg2+) 34... Bd4+ $1 {[%mdl 576] Skewer. Accuracy: White = 48%, Black = 55%.} 0-1

[Event "V Sunway Sitges Open 2018"]
[Site "Sitges"]
[Date "2018.12.23"]
[Round "10"]
[White "Alarcon Casellas, Rolando"]
[Black "Lopez Martinez, Josep Manuel"]
[Result "1/2-1/2"]
[WhiteElo "2387"]
[BlackElo "2580"]
[Annotator "TA"]
[PlyCount "148"]
[EventDate "2018.12.14"]
[EventType "swiss"]
[EventCountry "ESP"]
[SourceTitle "playchess.com"]
[Source "ChessBase"]
[SourceQuality "1"]

{[%evp 16,148,11,12,24,22,38,27,37,36,34,32,41,39,31,-2,-2,-7,-7,-7,0,-12,-4,-11,-12,-23,-27,-32,-9,-11,0,-29,-27,-41,-34,-43,-41,-51,-51,-54,-41,-71,-54,-55,-54,-54,-40,-54,-55,-54,-54,-54,-54,-54,-43,-59,-54,-62,-50,-50,-44,-45,0,-25,-25,-24,0,0,0,-25,0,0,0,0,0,0,0,-12,0,0,0,0,27,6,19,0,44,45,149,142,128,32,32,32,26,17,27,39,30,-29,-31,-35,-24,-29,-16,-16,0,0,0,0,0,0,0,0,0,0,0,0,0,0,0,0,0,0,-8,-8,0,0,0,0,0,0,0,0,0]} 1. e4 c6 2. d4 d5 3. exd5 cxd5 4. Bd3 Nc6 5. c3 Qc7 6. Ne2 Bg4 7. f3 Bd7 8. Na3 {B13: Caro-Kann: Exchange Variation and Panov-Botvinnik Attack} (8. Bf4 e5 9. dxe5 Nxe5 10. O-O Nf6 11. Nd4 Bd6 12. Na3 O-O 13. Kh1 Bxa3 14. bxa3 Nh5 15. Bxe5 Qxe5 16. Re1 {½-½ (35) Gusain,H (2461)-Warakomski,T (2518) Warsaw 2017}) 8... a6 9. Nc2 {LiveBook: 7 Games} e6 10. Bf4 {White has an edge.} Bd6 11. Qd2 Nge7 12. Bxd6 Qxd6 13. Qf4 $146 ({Predecessor:} 13. Ne3 b5 14. a3 Na5 15. Bc2 Rb8 {½-½ (35) Neumann,I (1422)-Manusina,N (1727) Magdeburg 2012}) 13... Qxf4 14. Nxf4 Ng6 15. Bxg6 hxg6 16. Kd2 g5 17. Nd3 Ke7 18. Rae1 f6 19. h3 Kd6 20. Re3 b6 21. Rhe1 Rh4 22. R3e2 Ne7 23. Ne3 Ng6 24. Ng4 Rhh8 25. Kc2 Rac8 26. Rd2 Bb5 27. Ndf2 Nf4 28. Nd1 Be8 29. Nde3 Bg6+ 30. Kb3 b5 31. Red1 Be8 32. a3 a5 33. Ra1 Bg6 34. Nf2 Rb8 35. Rdd1 Bh7 36. Rd2 Rhc8 37. Rh1 Ng6 38. Nd3 Bg8 39. Ka2 Bf7 40. Re1 Nf4 41. Nc5 Ng6 42. b4 axb4 43. cxb4 Ne7 44. Kb2 Nc6 45. Nc2 Re8 46. Na1 Re7 47. Nab3 Ra7 48. Rc1 Rba8 49. Na5 Nd8 50. Rh1 (50. g3 {is interesting.} Bh5 51. Rc3 Be8 52. Rh2 Rc7 53. h4) 50... Rxa5 51. bxa5 Nc6 (51... Rxa5 $14 52. Rc1 Ra8) 52. a6 $16 e5 {[#]} 53. Nb7+ (53. Rc1 $1 $16) 53... Kc7 $14 54. Rc1 {dxe5 is the strong threat.} Rxa6 55. Nc5 Rb6 56. Nd3 {Strongly threatening dxe5.} Kd6 $1 57. Rxc6+ ({White should try} 57. dxe5+ fxe5 58. Re2) 57... Rxc6 $11 58. dxe5+ fxe5 {[%mdl 4096] Endgame Threatens to win with ...d4. KRB-KRN} 59. Re2 Rc7 {And now ...Bg6 would win.} (59... e4 {is more complex.} 60. fxe4 d4 61. Ne1 Bc4 62. Rd2 Kc5) 60. Nxe5 {The position is equal.} Re7 (60... Be8 {looks sharper.} 61. Nd3 Bg6 62. Nb4 d4 63. Rd2 Rc4) 61. Nxf7+ Rxf7 {KR-KR} 62. Re8 Rc7 63. Rb8 Kc5 64. Kc3 Ra7 65. Rc8+ Kd6 66. Rd8+ Ke5 67. Re8+ Kf4 68. Rf8+ Ke3 69. Re8+ Kf2 70. Re5 Kxg2 71. Rxg5+ Kxh3 72. Kd4 Kh4 73. f4 Rf7 74. Kxd5 Rxf4 {Accuracy: White = 54%, Black = 49%.} 1/2-1/2

[Event "V Sunway Sitges Open 2018"]
[Site "Sitges"]
[Date "2018.12.23"]
[Round "10"]
[White "Low, Zhen Yu Cyrus"]
[Black "Kulaots, Kaido"]
[Result "1/2-1/2"]
[WhiteElo "2384"]
[BlackElo "2555"]
[Annotator "TA"]
[PlyCount "53"]
[EventDate "2018.12.14"]
[EventType "swiss"]
[EventCountry "ESP"]
[SourceTitle "playchess.com"]
[Source "ChessBase"]
[SourceQuality "1"]

{[%evp 19,53,43,63,46,49,48,56,60,46,50,58,53,76,69,70,76,88,90,89,84,79,72,75,73,65,29,29,38,33,42,22,20,14,0,0,11]} 1. e4 c5 2. Nf3 e6 3. d4 cxd4 4. Nxd4 Nc6 5. g3 d6 (5... Nf6 6. Bg2 e5 7. Nb5 d6 8. Bg5 a6 9. Bxf6 gxf6 10. N5c3 f5 11. O-O Bg7 12. Nd2 O-O 13. Nc4 Nd4 {1-0 (81) Nakamura,H (2816)-Yu,Y (2721) Las Vegas 2015}) 6. Bg2 {B44: Sicilian: Taimanov: 5 Nb5} Bd7 7. O-O Nf6 8. c4 Be7 9. Nc3 Nxd4 10. Qxd4 Bc6 {LiveBook: 3 Games} 11. b3 O-O 12. Bb2 Qa5 $146 ({Predecessor:} 12... a6) 13. Rfd1 a6 14. a4 {[%cal Ba2a4,Ba4b5][%mdl 32]} Qh5 15. h3 a5 16. Qe3 Nd7 17. Nb5 Bxb5 18. axb5 e5 19. Ba3 Qg6 20. Rd3 b6 21. Rad1 {[%cal Ra3d6]} Nc5 22. Bxc5 dxc5 23. Rd7 Rfd8 24. Qf3 Qf6 25. Qxf6 {The position is equal.} Bxf6 26. Rxd8+ Rxd8 27. Rxd8+ {Accuracy: White = 71%, Black = 79%.} 1/2-1/2

[Event "V Sunway Sitges Open 2018"]
[Site "Sitges"]
[Date "2018.12.23"]
[Round "10"]
[White "Pablo Mari, Alejandro"]
[Black "Sadhwani, Raunak"]
[Result "0-1"]
[WhiteElo "2375"]
[BlackElo "2434"]
[Annotator "TA"]
[PlyCount "95"]
[EventDate "2018.12.14"]
[EventType "swiss"]
[EventCountry "ESP"]
[SourceTitle "playchess.com"]
[Source "ChessBase"]
[SourceQuality "1"]

{[%evp 26,95,19,28,33,25,35,22,48,47,54,52,181,192,210,199,199,199,199,199,197,160,108,119,135,110,110,112,107,116,100,97,108,107,109,100,110,105,100,33,136,43,43,51,51,53,41,31,34,9,37,-11,0,0,10,0,0,0,39,0,18,0,0,-21,-21,-21,-29,-55,-55,-104,-68,-33]} 1. e4 c5 2. c3 Nf6 3. e5 Nd5 4. Nf3 Nc6 5. Bc4 e6 6. O-O d6 7. d4 cxd4 8. cxd4 Be7 9. Qe2 O-O 10. a3 b6 {B22: Sicilian: 2 c3} (10... Bd7 11. exd6 Bxd6 12. Nc3 Nce7 13. Ne4 Bc6 14. Ne5 Rc8 15. Rd1 Bb8 16. Ng5 Be8 17. Bd3 Nf6 18. Ngf3 Ned5 19. Bd2 a6 20. Rac1 Rxc1 21. Rxc1 Qb6 22. Nc4 Qd8 23. Nce5 Qb6 24. Nc4 Qd8 {½-½ (24) Vachier Lagrave,M (2789)-Caruana,F (2816) Leuven 2018}) 11. Qe4 Bb7 12. Bd3 g6 13. Bh6 Re8 14. Nbd2 {LiveBook: 6 Games} Qd7 15. Rfe1 Rad8 $146 ({Predecessor:} 15... Nd8 16. Qe2 f5 17. exf6 Bxf6 18. Rac1 {0-1 (40) Mihaljcisin,M (2325)-Lakic,N (2380) Banja Luka 1976}) 16. Bb5 Nc7 17. Bf1 dxe5 18. dxe5 Qd5 ({Better is} 18... f5 $14 19. exf6 Bxf6) 19. Qf4 $1 $18 {Ne4 is the strong threat.} Nd4 20. Rac1 Nxf3+ 21. Nxf3 ({And not} 21. gxf3 Qd7 $11) 21... Qd7 22. Ng5 Bxg5 23. Bxg5 {Strongly threatening Bf6.} Nd5 24. Qh4 Rc8 25. Qh6 Ne7 26. Rcd1 ({Don't play} 26. Rxc8 $6 Rxc8 27. Bd3 (27. Bf6 Nf5 $11) 27... Qxd3 $14) 26... Qa4 27. Bd3 $1 {Bf6 would kill now.} Qg4 {[%csl Gb7][%cal Rg4g2] [#]} 28. f3 $1 {[%mdl 512]} Bxf3 {[%csl Gf3][%cal Rg4g2][%mdl 64] Double Attack} 29. Rd2 {Hoping for h3.} Bd5 {[#] White should prevent ...Nf5.} 30. h3 $1 {White wants to mate with Bf6.} Qh5 31. Qxh5 gxh5 32. Be2 (32. Bb5 $16) 32... h4 {[#]} ({Black should play} 32... Ng6 $14) 33. Bxh4 (33. Bb5 $1 $16) 33... Rc7 $14 34. Bf6 Rec8 35. Kf2 Bb7 36. Red1 Nd5 37. Bf3 (37. h4 {looks sharper.} Rc5 38. g4 a5 39. Kg3 Bc6 40. Rd4) 37... Nxf6 (37... Rc4 {with more complications.} 38. g3 Ra4 39. Bg5 Kg7 40. Rd4 Rxd4 41. Rxd4 h6) 38. Bxb7 (38. exf6 {keeps more tension.} h6 39. Be2 Bd5 40. h4 Rc5 41. g4) 38... Rxb7 39. exf6 $11 {[%mdl 4096] Endgame Intending Rd8+ and mate. KRR-KRR} h6 40. h4 h5 41. g4 Rc5 42. Rd8+ Kh7 43. gxh5 Rxh5 44. Rg1 Rf5+ {[%mdl 64] Double Attack} 45. Ke3 {White threatens Rg7+ and mate.} Rxf6 46. h5 Rf5 47. Rgg8 Rc7 48. Rh8+ {Accuracy: White = 60%, Black = 58%.} 0-1

[Event "V Sunway Sitges Open 2018"]
[Site "Sitges"]
[Date "2018.12.23"]
[Round "10"]
[White "Blechzin, Igor"]
[Black "Gjestemoen-VonHirsch, Andre"]
[Result "1-0"]
[WhiteElo "2237"]
[BlackElo "1993"]
[Annotator "TA"]
[PlyCount "71"]
[EventDate "2018.12.14"]
[EventType "swiss"]
[EventCountry "ESP"]
[SourceTitle "playchess.com"]
[Source "ChessBase"]
[SourceQuality "1"]

{[%evp 14,70,11,10,37,35,75,68,75,70,92,91,91,91,190,131,128,132,129,122,133,98,125,66,82,39,83,78,68,72,85,0,0,0,0,0,0,0,0,0,0,0,57,66,472,388,368,368,29994,29995,29995,29996,29996,29997,29997,29998,29998,29999,29999]} 1. c4 e5 2. Nc3 Nf6 3. g3 Bb4 4. Bg2 O-O 5. e4 c6 6. Nge2 d6 {A22: English Opening: 1...e5 2 Nc3 Nf6} 7. O-O Be6 8. d3 {LiveBook: 7 Games} Bc5 $146 {The position is equal.} ({Predecessor:} 8... Qc8 9. Bg5 Nbd7 10. f4 h6 11. Bh4 Bc5+ 12. Kh1 Ng4 13. f5 g5 14. fxe6 fxe6 {0-1 (27) Le Roux,J (2496)-Jenni,F (2481) Brno 2006}) 9. Na4 Nfd7 10. Nxc5 dxc5 11. f4 f6 12. f5 Bf7 13. g4 g5 (13... b5 $16 {might work better.}) 14. fxg6 (14. h4 $18) 14... hxg6 $16 15. h4 Be6 16. Ng3 Na6 17. g5 Qe7 {[#]} 18. gxf6 (18. Nf5 $1 $16 {[%cal Rf5e7][%mdl 512]} Qh7 (18... gxf5 19. exf5) 19. Nh6+ Kh8 20. Qb3) 18... Rxf6 19. Rxf6 Qxf6 20. Bg5 Qg7 21. Qd2 Bg4 22. Kh2 (22. Nf1 $16) 22... Nc7 $1 $11 23. Bh3 Bxh3 24. Kxh3 Ne6 25. Bh6 {[#]} Nf4+ $1 {[%mdl 512]} 26. Bxf4 exf4 27. Qxf4 Qxb2 ({Black should try} 27... Rf8 $11 28. Qg5 Rf3) 28. Rg1 $1 $36 {[%mdl 2048] And now Nf5 would win. White has some pressure.} Rf8 $2 {[%mdl 8192]} (28... Qe5 $14 29. Ne2 Kh7) 29. Qd6 Ne5 30. Nf5 $1 Qc3 $2 (30... Rxf5 $18 31. exf5 Qf2) 31. Rxg6+ {White mates.} Nxg6 32. Qxg6+ Kh8 33. Qh5+ Kg8 34. Ne7+ {[%mdl 64] Discovered Attack} Kg7 35. Qg6+ Kh8 36. Qh6# {Accuracy: White = 65%, Black = 31%.} 1-0

[Event "V Sunway Sitges Open 2018"]
[Site "Sitges"]
[Date "2018.12.23"]
[Round "10"]
[White "Bharath Subramaniyam H"]
[Black "Seyb, Alexander"]
[Result "1/2-1/2"]
[WhiteElo "2234"]
[BlackElo "2419"]
[Annotator "TA"]
[PlyCount "79"]
[EventDate "2018.12.14"]
[EventType "swiss"]
[EventCountry "ESP"]
[SourceTitle "playchess.com"]
[Source "ChessBase"]
[SourceQuality "1"]

{[%evp 18,79,8,-4,38,4,0,7,31,0,1,0,0,-6,16,19,41,14,19,33,177,173,242,234,233,228,314,335,315,52,52,52,52,52,52,52,52,52,66,52,52,52,52,52,52,52,52,52,52,52,52,52,52,52,52,52,52,52,55,55,64,65,61,35]} 1. e4 c5 2. c3 d5 3. exd5 Qxd5 4. d4 g6 5. Nf3 Bg7 6. Be3 cxd4 7. cxd4 Nh6 {B06: Modern Defence} 8. Nc3 Qd8 9. Bc4 O-O 10. O-O {LiveBook: 5 Games} Nd7 $146 ({Predecessor:} 10... Bg4 11. Bd5 Nc6 12. h3 Bxf3 13. Qxf3 Nf5 14. Bxc6 bxc6 15. Qxc6 Nxd4 16. Bxd4 Qxd4 {0-1 (77) Wegerle,J (2440)-Jumabayev,R (2599) London 2015}) 11. Qe2 Nb6 12. Bb3 Nf5 13. Bf4 Nxd4 14. Nxd4 Qxd4 15. Bg3 Bg4 16. Qxe7 Qd7 17. Rae1 Qxe7 18. Rxe7 Nd7 {[#]} (18... Bd7 $14) 19. Ne4 $1 $18 Bxb2 (19... Nb6 {keeps fighting.} 20. Rxb7 Be6 21. Bxe6 fxe6) 20. h3 Bf5 {With the idea ...Bxe4.} 21. Nd6 {[%mdl 64] Double Attack} Nc5 22. Bxf7+ Kh8 23. Nxb7 $2 (23. Bd5 $18) 23... Ne4 $1 $14 {White is slightly better.} 24. Bf4 Bf6 25. Rc7 Rac8 {[#] And now ...Rxc7 would win.} 26. Bb3 Rxc7 27. Bxc7 Nd2 28. Re1 Nxb3 29. axb3 Rf7 30. Bd8 Rxb7 31. Bxf6+ {[%mdl 4096] Endgame KRB-KRB} Kg8 32. Ra1 Rxb3 33. Rxa7 h5 34. Kh2 Rd3 35. f3 Rd7 36. Ra8+ Kf7 37. Bg5 Be6 38. Kg3 Rd5 39. Ra7+ Rd7 40. Rxd7+ {Accuracy: White = 64%, Black = 51%.} 1/2-1/2

[Event "V Sunway Sitges Open 2018"]
[Site "Sitges"]
[Date "2018.12.23"]
[Round "10"]
[White "Sanchez Lopez, Juan Manuel"]
[Black "Lopez Capape, Armando"]
[Result "1-0"]
[WhiteElo "2065"]
[BlackElo "1827"]
[Annotator "NA RC"]
[PlyCount "81"]
[EventDate "2018.12.14"]
[EventType "swiss"]
[EventCountry "ESP"]
[SourceTitle "playchess.com"]
[Source "ChessBase"]
[SourceQuality "1"]
[TimeControl "40/5400+30:1800+30"]

1. c4 {[%emt 0:01:46]} b6 {[%emt 0:00:08]} 2. Nc3 {[%emt 0:00:05]} e6 {[%emt 0:00:06]} 3. e4 {[%emt 0:00:07]} Bb7 {[%emt 0:01:09]} 4. g3 {[%emt 0:00:06]} f5 {[%emt 0:11:24]} 5. Bg2 {[%emt 0:01:52] A10: English Opening: Unusual Replies for Black} Nf6 {[%emt 0:08:38]} 6. d3 {[%emt 0:00:43]} Bb4 {[%emt 0:10:08] LiveBook: 17 Games} (6... fxe4 7. Nge2 Bc5 8. O-O O-O 9. Bg5 Nc6 10. d4 Be7 11. Bxf6 Bxf6 12. Nxe4 Kh8 {½-½ (39) Admiraal,M (2491)-David,A (2549) Belgium 2018}) 7. Nge2 {[%emt 0:00:21]} O-O {[%emt 0:06:27]} 8. O-O {[%emt 0:02:27]} Na6 {[%emt 0:08:59]} 9. a3 {[%emt 0:00:39]} Bxc3 {[%emt 0:04:29]} 10. Nxc3 {[%emt 0:00:18]} d6 $146 {[%emt 0:06:19]} ({Predecessor:} 10... fxe4 11. dxe4 Nc5 12. e5 Bxg2 13. Kxg2 {½-½ (30) Wolfram,B (2259)-Lipka,J (2419) Austria 2014}) 11. b4 {[%emt 0:05:50]} Qd7 {[%emt 0:05:19]} 12. f4 {[%emt 0:02:28]} c5 {[%emt 0:07:37]} 13. Rb1 {[%emt 0:03:29]} Nc7 {[%emt 0:02:50]} 14. Re1 {[%emt 0:02:50]} g6 {[%emt 0:08:38]} 15. d4 {[%emt 0:02:32]} cxb4 {[%emt 0:05:50]} 16. axb4 {[%emt 0:00:39]} d5 {[%emt 0:06:53]} 17. cxd5 {[%emt 0:05:14]} exd5 {[%emt 0:00:09]} 18. e5 {[%emt 0:02:02]} Ne4 {[%emt 0:00:06]} 19. Nxe4 {[%emt 0:00:17]} dxe4 {[%emt 0:00:48]} 20. b5 {[%emt 0:00:57] [#]} Bd5 {[%emt 0:00:31]} ({Black should play} 20... Nd5 $1 $17) 21. Bf1 {[%emt 0:00:28]} Rfc8 {[%emt 0:00:22]} 22. Ba3 {[%emt 0:02:53]} Ne6 {[%emt 0:01:45]} 23. Qd2 {[%emt 0:00:51]} Qb7 {[%emt 0:01:33]} 24. Rbc1 {[%emt 0:02:17]} Kf7 {[%emt 0:00:41]} 25. Qb4 {[%emt 0:03:25]} Qd7 {[%emt 0:00:18]} 26. Kf2 {[%emt 0:04:11]} g5 {[%emt 0:01:05]} 27. fxg5 {[%emt 0:02:50]} Nxg5 {[%emt 0:00:15]} 28. Qd2 {[%emt 0:01:17]} Nf3 {[%emt 0:00:37]} 29. Qh6 {[%emt 0:00:09]} Kg8 {[%emt 0:00:40] [#]} 30. Red1 $15 {[%emt 0:02:28]} (30. Rxc8+ $1 $16 Rxc8 31. Rc1) 30... Qe6 {[%emt 0:00:39]} 31. Qxe6+ Bxe6 {[%emt 0:00:05]} 32. Rc6 {[%emt 0:09:33]} Rxc6 {[%emt 0:00:42]} 33. bxc6 Bd5 34. c7 {[%emt 0:01:00]} Rc8 {[%emt 0:01:12]} 35. Bd6 {[%emt 0:00:20]} Bb7 {[%emt 0:00:28]} 36. Bh3 {[%emt 0:00:14]} e3+ {[%emt 0:00:35]} 37. Kxe3 {[%emt 0:00:22]} Re8 {[%emt 0:00:33]} 38. Bxf5 {[%emt 0:00:29]} Ng5 {[%emt 0:00:28]} 39. Rc1 {[%emt 0:01:24]} Bc8 {[%emt 0:00:09]} 40. Bxc8 {[%emt 0:00:00]} Rxc8 {[%emt 0:00:00]} 41. h4 1-0

[Event "V Sunway Sitges Open 2018"]
[Site "Sitges"]
[Date "2018.12.23"]
[Round "10"]
[White "Munoz Suarez, Luis Alberto"]
[Black "Skagseth, Havard M"]
[Result "1/2-1/2"]
[WhiteElo "1937"]
[BlackElo "2002"]
[Annotator "NA RC"]
[PlyCount "86"]
[EventDate "2018.12.14"]
[EventType "swiss"]
[EventCountry "ESP"]
[SourceTitle "playchess.com"]
[Source "ChessBase"]
[SourceQuality "1"]
[TimeControl "40/5400+30:1800+30"]

1. e4 {[%emt 0:00:00]} c5 {[%emt 0:03:18]} 2. Nf3 {[%emt 0:00:00]} d6 {[%emt 0:00:05]} 3. d4 {[%emt 0:00:00]} Nf6 {[%emt 0:00:18]} 4. Nc3 {[%emt 0:00:04]} cxd4 {[%emt 0:00:05] LiveBook: 6237 Games} 5. Nxd4 {[%emt 0:00:08]} g6 {[%emt 0:00:15]} 6. Be2 {[%emt 0:02:30]} Bg7 {[%emt 0:00:06]} 7. O-O {[%emt 0:00:10]} Nc6 {[%emt 0:00:26]} 8. Nb3 {[%emt 0:01:56]} O-O {[%emt 0:00:35]} 9. Be3 {[%emt 0:03:26]} Be6 {[%emt 0:03:28]} 10. f4 {[%emt 0:00:48]} a6 {[%emt 0:02:34]} 11. g4 {[%emt 0:16:22] B74: Sicilian Dragon: Classical System with 9 Nb3} (11. Kh1 b5 12. Bf3 Rc8 13. Nd5 Bxd5 14. exd5 Na5 15. Qe2 Nc4 16. Bd4 Qd7 17. Rae1 Rfe8 18. Qd1 e5 19. dxe6 fxe6 {1-0 (38) Harikrishna,P (2740)-Mamedov,N (2597) Kocaeli 2015}) 11... b5 {[%emt 0:05:41]} 12. Nd4 $146 {[%emt 0:06:11]} ({Predecessor:} 12. g5 Nd7 13. Rf2 Rc8 14. h4 Nb6 15. h5 Nc4 16. Bxc4 Bxc4 17. Qg4 f5 18. Qh4 gxh5 19. exf5 {0-1 (28) Neretljak,N (2083)-Blomqvist,E (2554) Vaxjo 2017}) 12... Nxd4 {[%emt 0:16:39]} 13. Bxd4 {[%emt 0:00:16]} Rc8 {[%emt 0:00:21]} 14. Nd5 {[%emt 0:15:33]} Bxd5 {[%emt 0:06:34]} 15. exd5 {[%emt 0:00:19]} Nd7 {[%emt 0:00:10]} 16. Bxg7 {[%emt 0:07:45]} Kxg7 {[%emt 0:00:20]} 17. c3 {[%emt 0:03:49]} Qb6+ {[%emt 0:05:22]} 18. Kh1 {[%emt 0:00:17]} Qc5 {[%emt 0:00:07]} 19. Qd2 {[%emt 0:02:37]} Nb6 {[%emt 0:05:25]} 20. Rad1 {[%emt 0:00:29]} Rc7 {[%emt 0:03:31]} 21. Rf3 {[%emt 0:03:11]} Nc4 {[%emt 0:02:48]} 22. Bxc4 {[%emt 0:00:29]} bxc4 {[%emt 0:00:42]} 23. f5 {[%emt 0:00:32]} f6 $1 {[%emt 0:02:04]} 24. g5 {[%emt 0:08:30]} Qb5 $18 {[%emt 0:21:13]} (24... fxg5 $14 25. Qxg5 e5) 25. Rh3 {[%emt 0:08:03]} Qe8 {[%emt 0:05:09]} 26. Rg1 {[%emt 0:05:53]} Kg8 {[%emt 0:04:26]} 27. fxg6 {[%emt 0:07:03]} hxg6 {[%emt 0:00:16]} 28. Qd4 {[%emt 0:04:18]} Qf7 {[%emt 0:05:30]} 29. Rg4 {[%emt 0:01:46]} Rc5 {[%emt 0:02:44]} 30. gxf6 {[%emt 0:01:51]} Qxf6 {[%emt 0:01:17]} 31. Rxg6+ {[%emt 0:00:26]} Qxg6 {[%emt 0:00:05]} 32. Rg3 {[%emt 0:00:09]} Rf6 {[%emt 0:01:49]} 33. b4 {[%emt 0:00:56]} cxb3 {[%emt 0:01:26]} 34. axb3 {[%emt 0:00:06]} Kf7 {[%emt 0:00:17]} 35. Rxg6 {[%emt 0:00:08]} Rxg6 {[%emt 0:00:46]} 36. b4 {[%emt 0:01:15]} Rc8 {[%emt 0:00:53]} 37. c4 {[%emt 0:00:19]} Rcg8 {[%emt 0:01:00]} 38. c5 {[%emt 0:00:10]} Rg4 {[%emt 0:00:29]} 39. Qf2+ {[%emt 0:00:12]} Ke8 {[%emt 0:00:07]} 40. c6 {[%emt 0:00:00]} Rxb4 {[%emt 0:00:00]} 41. Qf5 {[%emt 0:06:09]} Ra4 {[%emt 0:08:01]} 42. h3 {[%emt 0:04:38]} Ra1+ {[%emt 0:02:11]} 43. Kh2 {[%emt 0:00:06]} Ra2+ {[%emt 0:00:44] Kg2} 1/2-1/2